La Desigualdad Social: Teorías de la Estratificación y la Movilidad Sociales /

Guardado en:
Bibliografiske detaljer
Hovedforfatter: Stern, Claudio (autor)
Format: Bog
Sprog:spansk
Udgivet: México : Secretaría de Educación Pública, 1974
Fag:
Tags: Tilføj Tag
Ingen Tags, Vær først til at tagge denne postø!

MARC

LEADER 00000nam^a2200000^a^4500
001 000018321
005 20250521000000.0
009 20260310084214.921
037 |a Acervo ITESO - Biblioteca 
041 |a ESP 
082 |a 305. 5  |b STE 
100 |a Stern, Claudio  |e (autor) 
245 1 3 |a La Desigualdad Social: Teorías de la Estratificación y la Movilidad Sociales /  |c C. Stern. 
264 1 |a México :  |b Secretaría de Educación Pública,  |c 1974 
336 |a texto  |b txt  |2 rdacontenido 
337 |a sin mediación  |b n  |2 rdamedio 
338 |a volumen  |b nc  |2 rdasoporte 
649 |a XX 
650 |a Sociología 
650 |a Igualdad y Desigualdad 
650 |a Clases Sociales 
650 |a Movilidad Social 
910 |a Fondo General 
920 |a Impresos - Libros 
930 |a Colección General 
905 |a 101 
901 |a 0183210100  |b IT1  |c ACC  |i 018321  |u 20250521 
901 |a 0183210102  |b IT1  |c ACC  |i 903363  |u 20250521 
902 |a https://opac.biblio.iteso.mx/vufind/Record/000018321